Cartulario de San Millán de la Cogolla / (Record no. 41140)

MARC details
000 -LEADER
campo de control de longitud fija 00675nam a2200181 i 4500
001 - NÚMERO DE CONTROL
campo de control 41140
003 - IDENTIFICADOR DE NÚMERO DE CONTROL
campo de control ES-MaACL
005 - FECHA Y HORA DE LA ÚLTIMA TRANSACCIÓN
campo de control 20230906160359.0
007 - CAMPO FIJO DE DESCRIPCIÓN FÍSICA--INFORMACIÓN GENERAL
campo de control de longitud fija t|
008 - DATOS DE LONGITUD FIJA--INFORMACIÓN GENERAL
campo de control de longitud fija 030310s1930 sp ||||1| spa d
245 00 - MENCIÓN DEL TÍTULO
Título Cartulario de San Millán de la Cogolla /
Mención de responsabilidad, etc. por Luciano Serrano, Abad de Silos.
260 ## - PUBLICACIÓN, DISTRIBUCIÓN, ETC.
Lugar de publicación, distribución, etc. Madrid :
Nombre del editor, distribuidor, etc. [s.n.,
Fecha de publicación, distribución, etc. 1930] (
Lugar de fabricación/manufactura Burgos :
Fabricante Imp. Aldecoa)
300 ## - DESCRIPCIÓN FÍSICA
Extensión CXII, 352 p. ;
Dimensiones 25 cm.
500 ## - NOTA GENERAL
Nota general Precede al tít. Junta de Ampliación de Estudios e Investigaciones Científicas, Centro de Estudios Históricos.
700 1# - ENTRADA AGREGADA--NOMBRE PERSONAL
Nombre de persona Serrano, Luciano.
9 (RLIN) 105704
710 2# - ENTRADA AGREGADA--NOMBRE DE ENTIDAD CORPORATIVA
Nombre de entidad corporativa o nombre de jurisdicción como elemento de entrada Centro de Estudios Históricos (1910-1939)
9 (RLIN) 2638
852 ## - LOCALIZACIÓN
Ubicación ES-MaACL
Número de control de estantería A-103
Sublocalización o colección R.9715
Holdings
Estatus retirado Estado de pérdida Estado de daño No para préstamo Biblioteca de origen Biblioteca actual Ubicación en estantería Fecha de adquisición Fuente de adquisición Total de préstamos Signatura topográfica completa Código de barras Visto por última vez Precio de reemplazo Tipo de ítem Koha
        Biblioteca del Ateneo de Madrid Biblioteca del Ateneo de Madrid Sala Pecera Planta 1 17/01/2008     A-103 1043311 23/02/2023 23/02/2023 Libro impreso